Nationalism and the transformation of the state (Record no. 11548)

MARC details
000 -LEADER
fixed length control field 00794nam a22001697a 4500
020 ## - INTERNATIONAL STANDARD BOOK NUMBER
ISBN 9781009527804
082 ## - DEWEY DECIMAL CLASSIFICATION NUMBER
Classification number 320.54CED
100 ## - MAIN ENTRY--AUTHOR NAME
Personal name Cederman, Lars-Erik.
245 ## - TITLE STATEMENT
Title Nationalism and the transformation of the state
Sub Title border change and political violence in the modern world
260 ## - PUBLICATION, DISTRIBUTION, ETC. (IMPRINT)
Place of publication New York
Name of publisher Cambridge University Press
Year of publication 2025
300 ## - PHYSICAL DESCRIPTION
Number of Pages xv,375p.
504 ## - BIBLIOGRAPHY, ETC. NOTE
Bibliography, etc Includes bibliographical references and index
520 ## - SUMMARY, ETC.
Summary, etc Using historical maps to show how ethnic nations have reshaped state borders and caused conflict since the French Revolution, this book traces the effects that explain current<br/>geopolitical instability in Europe and beyond. This title is also available as Open Access on Cambridge Core
650 ## - SUBJECT ADDED ENTRY--TOPICAL TERM
Topical Term Nationalism
942 ## - ADDED ENTRY ELEMENTS (KOHA)
Koha item type Book
Holdings
Withdrawn status Lost status Damaged status Not for loan Permanent Location Current Location Shelving location Date acquired Cost, normal purchase price Full call number Accession Number Price effective from Koha item type
        UONGOZI Institute Resources Centre - Dar es Salaam UONGOZI Institute Resources Centre - Dar es Salaam Philosophy 06/19/2026 91060.00 320.54CED UR010539 07/03/2026 Book